[Event "Dutch Open 2009"]
[Site "Dieren NED"]
[Date "2009.07.30"]
[Round "9.20"]
[White "Rajesh, V A V."]
[Black "Soumya, Swaminathan"]
[Result "1/2-1/2"]
[WhiteElo "2249"]
[BlackElo "2309"]
[PlyCount "131"]
[EventDate "2009.07.21"]
[EventType "swiss"]
[EventRounds "9"]
[EventCountry "NED"]

1. d4 d5 2. c4 c6 3. Nc3 Nf6 4. Nf3 dxc4 5. a4 Bf5 6. Ne5 Nbd7 7. Nxc4 Qc7 8.
g3 e5 9. dxe5 Nxe5 10. Bf4 Nfd7 11. Bg2 g5 12. Nxe5 gxf4 13. Nxd7 O-O-O 14. Qd4
Qxd7 15. Qxh8 Qd2+ 16. Kf1 Qxb2 17. Re1 Bb4 18. Qf6 Qc2 19. g4 Bg6 20. g5 Bf5
21. Ne4 Bxe4 22. Bh3+ Kc7 23. f3 Rd1 24. Qxf4+ Kb6 25. Kf2 Qc5+ 26. e3 Bxe1+
27. Rxe1 Rxe1 28. Kxe1 Bd5 29. Kf2 Qc2+ 30. Kg3 Qd2 31. Bg4 Qe1+ 32. Kh3 Qf1+
33. Kh4 Ka5 34. Kh5 Qc4 35. Qc7+ Kxa4 36. Qxb7 a5 37. Kh6 Be6 38. Kxh7 Bxg4 39.
fxg4 Qe4+ 40. Kg7 Qg6+ 41. Kf8 Qxg5 42. Qxc6+ Ka3 43. Qc3+ Ka2 44. Kxf7 a4 45.
Qc2+ Ka3 46. Qe4 Kb3 47. Qb1+ Kc3 48. Qc1+ Kb3 49. Qd1+ Kb4 50. Qd4+ Kb3 51.
Qd3+ Kb2 52. Qe2+ Kb3 53. Qd1+ Kb4 54. Qd4+ Kb3 55. h4 Qxh4 56. Qb6+ Kc3 57.
Qd4+ Kb3 58. Qd5+ Kb4 59. Qd2+ Kb3 60. Qd5+ Kb4 61. Qd6+ Kc4 62. Qf4+ Kb3 63.
g5 Qh7+ 64. Kf6 Qh8+ 65. Kf7 Qh7+ 66. Kf6 1/2-1/2

[Event "Dutch Open 2009"]
[Site "Dieren NED"]
[Date "2009.07.30"]
[Round "9.21"]
[White "Harini, S."]
[Black "Otte, Marijn"]
[Result "1-0"]
[WhiteElo "1986"]
[BlackElo "2298"]
[PlyCount "55"]
[EventDate "2009.07.21"]
[EventType "swiss"]
[EventRounds "9"]
[EventCountry "NED"]

1. e4 c5 2. Nf3 d6 3. d4 cxd4 4. Nxd4 Nf6 5. Nc3 a6 6. Bc4 e6 7. Bb3 Nc6 8. Be3
Qc7 9. Qe2 Na5 10. O-O-O b5 11. g4 Nxb3+ 12. axb3 b4 13. g5 bxc3 14. gxf6 gxf6
15. Qf3 Bg7 16. Rhg1 Bb7 17. Rxg7 Qa5 18. bxc3 Qe5 19. Qh3 Bxe4 20. f4 Qa5 21.
Rxf7 Kxf7 22. Qxe6+ Kf8 23. Qxe4 Rc8 24. c4 d5 25. Qf5 Re8 26. Ne6+ Kf7 27.
cxd5 Qb4 28. Bd4 1-0

[Event "Dutch Open 2009"]
[Site "Dieren NED"]
[Date "2009.07.30"]
[Round "9.22"]
[White "Van Eijk, Sander"]
[Black "Beukema, Stefan"]
[Result "1-0"]
[WhiteElo "2338"]
[BlackElo "2007"]
[PlyCount "83"]
[EventDate "2009.07.21"]
[EventType "swiss"]
[EventRounds "9"]
[EventCountry "NED"]

1. e4 e5 2. f4 exf4 3. Nf3 d6 4. Bc4 h6 5. b3 g5 6. Bb2 Rh7 7. O-O Bg7 8. d4 c6
9. Qe2 Ne7 10. Bd3 Rh8 11. c4 Bg4 12. a4 Bxf3 13. Rxf3 Nd7 14. a5 Qc7 15. Na3
a6 16. b4 c5 17. dxc5 Bxb2 18. Qxb2 Ne5 19. cxd6 Qxd6 20. c5 Nxf3+ 21. gxf3
Qxd3 22. Qxh8+ Kd7 23. Qxa8 Qe3+ 24. Kf1 Qxf3+ 25. Ke1 Qxe4+ 26. Kd1 Qd4+ 27.
Kc2 Qxa1 28. Qxb7+ Ke6 29. Qxa6+ Kf5 30. Qd3+ Kg4 31. Qd1+ Qxd1+ 32. Kxd1 Kh3
33. a6 Nc8 34. b5 g4 35. Nc2 Kxh2 36. b6 f3 37. b7 g3 38. b8=Q f2 39. Ne3 f5
40. Nf1+ Kg1 41. Ke2 g2 42. Qh2# 1-0

[Event "Dutch Open 2009"]
[Site "Dieren NED"]
[Date "2009.07.30"]
[Round "9.23"]
[White "Van der Poel, Henk"]
[Black "Blees, Enrico"]
[Result "1-0"]
[WhiteElo "2282"]
[BlackElo "2130"]
[PlyCount "115"]
[EventDate "2009.07.21"]
[EventType "swiss"]
[EventRounds "9"]
[EventCountry "NED"]

1. e4 c6 2. d4 d5 3. exd5 cxd5 4. Bd3 Nc6 5. c3 g6 6. Nf3 Bg7 7. O-O Nf6 8. Re1
O-O 9. h3 Bf5 10. Bxf5 gxf5 11. Bf4 Ne4 12. Nbd2 e6 13. Nb3 b5 14. Qe2 b4 15.
cxb4 Nxb4 16. Rec1 Qb6 17. Bc7 Qa6 18. Qxa6 Nxa6 19. Bf4 Nb4 20. Ne1 Rfc8 21.
a3 Nc6 22. Nf3 a5 23. Rc2 Ne7 24. Rac1 a4 25. Rxc8+ Nxc8 26. Nc5 Nb6 27. Nd3
Nc4 28. Nfe5 Bxe5 29. Nxe5 Ned6 30. Nd3 Nb5 31. Be3 f4 32. Nxf4 Nxb2 33. Rb1
Nxa3 34. Rxb2 Nc4 35. Ra2 a3 36. Bc1 Rb8 37. Ne2 Rb3 38. f3 Kg7 39. Kf2 f6 40.
Ke1 e5 41. Kd1 Kf7 42. Kc2 Rb7 43. dxe5 fxe5 44. Nc3 Ke6 45. Bxa3 Rg7 46. Kd3
Nxa3 47. Rxa3 e4+ 48. fxe4 dxe4+ 49. Kxe4 Rxg2 50. Ra6+ Kf7 51. Nd5 Rh2 52. Nf4
Rh1 53. Kf5 Rf1 54. Ra7+ Kg8 55. h4 Rb1 56. Kf6 Rb8 57. Ne6 Rc8 58. Rd7 1-0

[Event "Dutch Open 2009"]
[Site "Dieren NED"]
[Date "2009.07.30"]
[Round "9.24"]
[White "Padmini, Rout"]
[Black "Van Leent, Dimitri"]
[Result "1-0"]
[WhiteElo "2243"]
[BlackElo "2192"]
[PlyCount "95"]
[EventDate "2009.07.21"]
[EventType "swiss"]
[EventRounds "9"]
[EventCountry "NED"]

1. e4 e6 2. d4 d5 3. Nc3 Bb4 4. e5 c5 5. a3 Ba5 6. b4 cxd4 7. Nb5 Bc7 8. f4 Bd7
9. Nf3 Bxb5 10. Bxb5+ Nc6 11. O-O Nge7 12. Bd3 Bb6 13. Kh1 Nf5 14. Bxf5 exf5
15. Qd3 Qd7 16. Bb2 Rc8 17. Rad1 O-O 18. Rd2 Ne7 19. Re1 Qa4 20. e6 f6 21. Bxd4
Rc4 22. Bxb6 axb6 23. Nd4 g6 24. b5 Rfc8 25. Re3 Kg7 26. h3 Qa5 27. Qe2 Rc3 28.
Rdd3 Qxa3 29. Qe1 Rxd3 30. Rxd3 Qa5 31. Qe3 Rc4 32. g4 fxg4 33. hxg4 Ra4 34. g5
Ra1+ 35. Kg2 Qe1 36. Qxe1 Rxe1 37. Rc3 fxg5 38. Rc7 Kf8 39. fxg5 Re5 40. Rxb7
Rxg5+ 41. Kf3 h5 42. Rxb6 h4 43. Rb8+ Kg7 44. Re8 Kf6 45. b6 Nf5 46. Nxf5 Rxf5+
47. Kg4 h3 48. Kxh3 1-0

[Event "Dutch Open 2009"]
[Site "Dieren NED"]
[Date "2009.07.30"]
[Round "9.42"]
[White "Beijerinck, Nick"]
[Black "Van den Bergh, Peter"]
[Result "1-0"]
[WhiteElo "2022"]
[BlackElo "2095"]
[PlyCount "111"]
[EventDate "2009.07.21"]
[EventType "swiss"]
[EventRounds "9"]
[EventCountry "NED"]

1. e4 e5 2. Nf3 Nc6 3. Bb5 g6 4. O-O Bg7 5. Nc3 Nge7 6. d3 O-O 7. Re1 a6 8. Bc4
Na5 9. Bg5 h6 10. Bh4 d6 11. Nd5 g5 12. Bxg5 hxg5 13. Nxg5 Nxd5 14. Qh5 Nf6 15.
Bxf7+ Rxf7 16. Qxf7+ Kh8 17. Re3 Qf8 18. Qxc7 Nc6 19. Nf7+ Kg8 20. Nxd6 Qe7 21.
Qxe7 Nxe7 22. c3 Nc6 23. Re2 Kf8 24. f3 Ke7 25. Nf5+ Bxf5 26. exf5 Kd6 27. g4
Nd5 28. h4 Nf4 29. Rh2 Ne7 30. Rd1 Rh8 31. Kf2 Bf6 32. h5 Nc6 33. Kg3 Bg5 34.
a4 Nd5 35. Re2 Bf4+ 36. Kh4 Ne3 37. Rde1 Nxf5+ 38. gxf5 Ne7 39. f6 Nf5+ 40. Kg4
Ke6 41. f7 Ng3 42. Rxe5+ Bxe5 43. f4 Kxf7 44. Rxe5 Nf1 45. b4 Rc8 46. Rc5 Rxc5
47. bxc5 Ne3+ 48. Kg5 Nd1 49. c4 Nb2 50. d4 Nxa4 51. f5 a5 52. Kf4 Nxc5 53. Ke3
a4 54. Kd2 Ne4+ 55. Kc2 Nd2 56. Kxd2 1-0